000 00269nam a2200097 a 4500
005 20200930074113.0
008 111025s2004 000 spa d
245 0 _aFenomenología de la conciencia del tiempo inmanente.
260 _aBuenos Aires,
_cs. f.
999 _c34589
_d34589
040 _aDO-SdBNP